00674 2200205 4500001002100000005001500021035002000036007000300056008004100059020002200100082000800122084001400130100002000144245017300164250001100337260004000348300004600388650001800434990001600452INLIS00000000000048120221108075815 a0010-1122000075ta221108 b 1 ind  a978-602-252-055-9 a813 a813 TIM c0 aTim Penulis EFK1 aCerita Rakyat Nusantara 5 :bSi Lancang; Aji Saka dan Serban Ajaib; Telaga Bidadari; Keong Mas; Raja Parkit yang cerdik; Si Harimau dan Pemburu Cilik /cTim Penulis EFK aCet. I aJakarta :bErlangga For Kids,c2018 a77 halaman :bilustrasi berwarna ;c23 cm 4aCerita Rakyat a00000000615